Beabadoobee - Beaches - Statistics

General Stats
  • This quiz has been taken 228 times
  • The average score is 171 of 219
Answer Stats
Answer % Correct
a
97%
beaches
97%
I
97%
to
96%
on
95%
the
95%
days
94%
I'm
94%
'Cause
90%
'Cause
90%
when
90%
do
89%
right
89%
now,
88%
sure
88%
one
87%
all
86%
and
86%
And
86%
me
86%
blend
85%
walls
84%
Don't
83%
for
83%
in
83%
secrets
83%
tell
83%
white,
82%
your
81%
feet
80%
just
80%
painted
80%
wait
80%
both
76%
it
76%
it,
76%
they
76%
dip
75%
tide
73%
tide,
73%
say
72%
say,
72%
what
69%
believe
68%
or
67%
see
67%
Find
66%
know
64%
I'll
63%
but
61%
But
61%
out
59%
hard
58%
truth?
58%
change
57%
mood
57%
who
57%
actual
56%
my
55%
of
55%
reasons
53%
Spinning
53%
that
52%
That
52%
Said
51%
constant
50%
Finding
50%
knows
50%
alright
48%
realise
48%
mind
45%
finally
43%
some
42%
down
40%
afraid
39%
fall
38%
Giving
38%
peace
38%
Can't
37%
can't
37%
up
37%
Took
36%
while
36%
if
33%
pick
33%
help
32%
understand
31%
allow
30%
coming
23%
outcome,
22%
No matching quizzes found
Score Distribution
Percent of People with Each Score
Percentile by Number Answered
Your Score History
You have not taken this quiz